Místečko /

Korporativní autor: Čechomor (hudební skupina)
Další autoři: Holas, Karel, 1961-
Jazyk: Čeština
Vydáno: [Praha] : Capitol Records, [2023]
Témata:
Fyzický popis: 2 gramofonové desky ; 30 cm
Zvukové nahrávky
Uloženo v:
LEADER 02644njm a2200709 i 4500
001 001921913
003 CZ BrMZK
005 20251002114037.0
007 sd bumennmplnd
008 250116p20232009xr munng d n cze
015 |a cnb003638740 
024 1 |a 602465597950 
028 0 1 |a 655 979-5  |b Capitol 
028 3 0 |a 655 979-6  |b Capitol  |q (etiketa) 
028 3 0 |a 655 979-9  |b Capitol  |q (etiketa) 
028 1 3 |a 282229E1/A  |b Capitol 
028 1 3 |a 282229E2/A  |b Capitol 
028 1 3 |a 282229E3/A  |b Capitol 
028 1 3 |a 282229E4/A  |b Capitol 
040 |a BOA001  |b cze  |e rda 
041 0 |d cze  |e cze  |e eng 
043 |a e-xr--- 
045 |a y0y1 
047 |a fm  |a zz 
072 7 |a 784  |x Vokální hudba  |2 Konspekt  |9 9 
080 |a 784  |2 MRF 
080 |a 78.031.4  |2 MRF 
080 |a 784.4.088  |2 MRF 
080 |a 784.4  |2 MRF 
080 |a 78.088  |2 MRF 
080 |a 78.03:781.7  |2 MRF 
080 |a (437.3)  |2 MRF 
080 |a (086.72)  |2 MRF 
245 0 0 |a Místečko /  |c Čechomor 
264 1 |a [Praha] :  |b Capitol Records,  |c [2023] 
264 4 |c ℗2023 
300 |a 2 gramofonové desky ;  |c 30 cm 
336 |a hraná hudba  |b prm  |2 rdacontent 
337 |a audio  |b s  |2 rdamedia 
338 |a audiodisk  |b sd  |2 rdacarrier 
340 |a vinyl  |2 rda 
344 |a analog  |c 33 1/3 ot/min  |2 rda 
500 |a Název z etikety 
500 |a Hudba, texty lidové, Karel Holas a další ; úprava lidových písní a textů Karel Holas a další 
500 |a Texty písní (i v angličtině) v obalu 
505 0 0 |g Intro --  |t Čarovná --  |t Vojenské mundury --  |t V tej naší studni --  |g Místečko --  |t Putovali hudci --  |t Andulka --  |t Chodil páter --  |t Brodil Janko koně --  |t Lístek z vojny --  |t Není na Moravě --  |t Kněždubská věž --  |t Limbora --  |t Věrní čápi 
511 0 |a Čechomor, hudení skupina ; další interpreti 
518 |o Nahráno  |d 2009-2011  |p různá studia 
648 7 |a 21. století  |7 ch460559  |2 czenas 
650 0 7 |a vokální hudba  |7 ph116628  |z Česko  |y 21. století  |2 czenas 
650 0 7 |a lidová hudba  |7 ph122303  |z Česko  |y 21. století  |2 czenas 
650 0 7 |a lidové písně, úpravy  |7 ph320413  |2 czenas 
655 7 |a lidové písně  |7 fd980032  |2 czenas 
655 7 |a aranžmá (hudba)  |7 fd980034  |2 czenas 
655 7 |a world music  |7 fd993422  |2 czenas 
655 7 |a gramofonové desky  |7 fd186718  |2 czenas 
700 1 |a Holas, Karel,  |d 1961-  |7 jx20050503023  |4 arr  |4 cmp  |4 itr  |4 sng 
710 2 |a Čechomor (hudební skupina)  |7 ko2002150044  |4 prf 
910 |a BOA001  |b LP-1543.120 
990 |a AV 
991 |b 202510 
996 6 |b 2610999803  |c LP-1543.120  |l MZK  |r Sklad / do 24 hodin  |n 0  |p p.v.  |w 002000989  |u 000010  |a 1  |e BOA001  |j MZK50  |s P